| 000 | 00807nam a2200205Ia 4500 | ||
|---|---|---|---|
| 003 | GCL | ||
| 008 | 140319s9999 xx 000 0 ara d | ||
| 040 |
_aGCL / _cGCL |
||
| 082 | 0 | 4 |
_a813.009 _bم ج |
| 100 | 1 | _aمحمد عبدالله القواسمة | |
| 245 | 1 | 0 |
_aجماليات القصة القصيرة : _bقراءات نقدية / _cمحمد عبدالله القواسمة |
| 250 | _aالاولى | ||
| 260 |
_aالاردن : _bمكتبة المجتمع العربى للنشر والتوزيع ، _c2005 |
||
| 300 |
_a156 ص ؛ _c24 سم |
||
| 650 | 0 | 4 | _aالقصص العربية القصيرة |
| 650 | 0 | 4 | _aالنقد الادبى |
| 650 | 0 | 4 | _aالقصص العربية - تاريخ ونقد |
| 650 | 0 | 4 | _aالقصص العربية القصيرة - تاريخ ونقد |
| 942 |
_2ddc _cBK |
||
| 999 |
_c8438 _d8438 |
||